[Event "Cote d'Ivoire Rapid 2019"]
[Site "Abidjan CIV"]
[Date "2019.05.10"]
[Round "8"]
[White "Vachier Lagrave, M."]
[Black "Nepomniachtchi, I."]
[Result "1-0"]
[WhiteElo "2780"]
[BlackElo "2773"]
[PlyCount "77"]
[EventDate "2019.05.08"]

1. e4 e5 2. Nf3 Nc6 3. Bc4 Nf6 4. d3 Be7 5. O-O O-O 6. Re1 d6 7. a4 a5 8. Nbd2
Nd7 9. Nf1 Nb6 10. Bb3 Bg4 11. c3 Kh8 12. Ne3 Bh5 13. g4 Bg6 14. Nf5 Nd7 15. d4
exd4 16. cxd4 Nb4 17. Bf4 Nf6 18. h3 d5 19. Nxe7 Qxe7 20. exd5 Qd8 21. Ne5
Nfxd5 22. Bg3 Ra6 23. Rc1 f5 24. Rc5 f4 25. Bh2 Rd6 26. Qf3 b6 27. Rcc1 Be8 28.
Re2 Ne7 29. Re4 Rxd4 30. Bxf4 Ng6 31. Nxg6+ Bxg6 32. Rxd4 Qxd4 33. Rxc7 h6 34.
Be5 Rxf3 35. Rc8+ Kh7 36. Bg8+ Kh8 37. Bxd4 Rxh3 38. Be6+ Kh7 39. Rc7 1-0

[Event "Cote d'Ivoire Rapid 2019"]
[Site "Abidjan CIV"]
[Date "2019.05.10"]
[Round "8"]
[White "Topalov, V."]
[Black "Amin, B."]
[Result "0-1"]
[WhiteElo "2740"]
[BlackElo "2704"]
[PlyCount "162"]
[EventDate "2019.05.08"]

1. e4 e5 2. Nf3 Nc6 3. Bb5 a6 4. Ba4 Nf6 5. O-O Be7 6. Re1 b5 7. Bb3 d6 8. c3
O-O 9. h3 Nb8 10. d4 Nbd7 11. Nbd2 Bb7 12. Bc2 Re8 13. Nf1 Bf8 14. Ng3 g6 15.
a4 c5 16. d5 c4 17. Bg5 h6 18. Be3 Nc5 19. Qd2 h5 20. Ra3 Nfd7 21. Qe2 Nb6 22.
axb5 axb5 23. Rxa8 Bxa8 24. Ng5 Qf6 25. Rf1 Nbd7 26. h4 Qe7 27. Ra1 Bb7 28. Ra5
Ba6 29. Nxh5 gxh5 30. Qxh5 Bg7 31. Qh7+ Kf8 32. Qf5 Kg8 33. Bd1 Qf6 34. Qh7+
Kf8 35. Bh5 Ke7 36. Nxf7 Nf8 37. Qf5 Qxf5 38. exf5 Nfd7 39. Nxd6 Rh8 40. f6+
Bxf6 41. Nf5+ Kd8 42. Bf7 Kc7 43. Be6 Bb7 44. Rxb5 Nxe6 45. dxe6 Bc6 46. Rb4
Rg8 47. g3 Ra8 48. f3 Bxf3 49. Rxc4+ Kd8 50. exd7 Kxd7 51. Bg5 Ke6 52. Ne3 Bg7
53. Kf2 Rf8 54. Rb4 Bc6+ 55. Ke2 Kd7 56. g4 Rf3 57. Rb8 e4 58. h5 Be5 59. Rg8
Rh3 60. h6 Rh2+ 61. Kf1 Rxb2 62. c4 Rh2 63. Kg1 Rh3 64. Rg7+ Kc8 65. Nf5 e3 66.
Ne7+ Kb7 67. Nxc6+ Kxc6 68. Re7 Kd6 69. Kf1 Rh2 70. c5+ Kd5 71. Rxe5+ Kxe5 72.
c6 Ke4 73. Kg1 e2 74. Bd2 Rxh6 75. Kf2 Rh2+ 76. Kg3 Rh7 77. g5 Kd3 78. Be1 Rc7
79. Kg4 Rxc6 80. Kf5 Rc1 81. Bb4 Rb1 0-1

[Event "Cote d'Ivoire Rapid 2019"]
[Site "Abidjan CIV"]
[Date "2019.05.10"]
[Round "8"]
[White "Karjakin, Sergey"]
[Black "Wei Yi"]
[Result "1/2-1/2"]
[WhiteElo "2752"]
[BlackElo "2736"]
[PlyCount "68"]
[EventDate "2019.05.08"]

1. Nf3 d5 2. d4 Nf6 3. c4 dxc4 4. e3 e6 5. Bxc4 c5 6. O-O Nc6 7. Nc3 a6 8. dxc5
Qxd1 9. Rxd1 Bxc5 10. b3 b5 11. Be2 Bb7 12. Bb2 O-O 13. Rac1 Be7 14. Ne1 Rac8
15. Kf1 Nb4 16. a4 bxa4 17. Nxa4 Rxc1 18. Rxc1 Bd5 19. Bc4 Ne4 20. Ke2 Bb7 21.
Nd3 a5 22. Nxb4 Bxb4 23. f3 Nd6 24. Bc3 Bxc3 25. Rxc3 Rc8 26. Kd2 Kf8 27. Bd3
Rxc3 28. Kxc3 e5 29. Nb6 Ke7 30. Bc2 Nb5+ 31. Kd2 Nd6 32. Kc3 Nb5+ 33. Kd2 Nd6
34. Kc3 Nb5+ 1/2-1/2

[Event "Cote d'Ivoire Rapid 2019"]
[Site "Abidjan CIV"]
[Date "2019.05.10"]
[Round "9"]
[White "Wei Yi"]
[Black "Carlsen, M."]
[Result "0-1"]
[WhiteElo "2736"]
[BlackElo "2861"]
[PlyCount "120"]
[EventDate "2019.05.08"]

1. e4 c5 2. Nf3 Nc6 3. c3 Qa5 4. Na3 e6 5. Nc4 Qd8 6. d4 d5 7. exd5 exd5 8.
Nce5 Bd6 9. Be3 c4 10. b3 cxb3 11. axb3 Nge7 12. Bd3 Bf5 13. O-O O-O 14. Bf4
Bxe5 15. Nxe5 Nxe5 16. Bxf5 N5g6 17. Bg5 Qc7 18. Bxg6 Nxg6 19. Qf3 Qd7 20. Ra5
b5 21. Rfa1 h6 22. Bd2 Rfe8 23. Qd3 a6 24. Rxa6 Rxa6 25. Rxa6 Nf4 26. Qf3 Qf5
27. Ra1 Ne2+ 28. Kf1 Qc2 29. Qxe2 Rxe2 30. Kxe2 Qe4+ 31. Kf1 Qc2 32. Ke2 Qxb3
33. Rc1 Qc4+ 34. Ke3 Qc7 35. f4 Qe7+ 36. Kf2 Qe4 37. Re1 Qd3 38. Re2 f6 39. Ke1
Kf7 40. Re3 Qb1+ 41. Kf2 h5 42. h3 h4 43. Be1 Kg6 44. Rf3 Kf5 45. Ke2 Qe4+ 46.
Kf1 b4 47. cxb4 Qxd4 48. Bxh4 Qc4+ 49. Kg1 Qxb4 50. Kf1 Qc4+ 51. Kg1 Qe2 52.
Bf2 d4 53. Bxd4 Qd1+ 54. Kh2 Qxd4 55. Rf1 g6 56. Rf3 Qd2 57. Rf1 Ke4 58. Rf3
Qe2 59. Rg3 Qh5 60. Rg4 Ke3 0-1

[Event "Cote d'Ivoire Rapid 2019"]
[Site "Abidjan CIV"]
[Date "2019.05.10"]
[Round "9"]
[White "Amin, B."]
[Black "Vachier Lagrave, M."]
[Result "0-1"]
[WhiteElo "2704"]
[BlackElo "2780"]
[PlyCount "68"]
[EventDate "2019.05.08"]

1. e4 c5 2. Nf3 d6 3. g3 Nf6 4. c3 Nc6 5. d3 g6 6. Bg2 Bg7 7. O-O O-O 8. Re1 e5
9. a3 h6 10. b4 b6 11. b5 Ne7 12. c4 a6 13. Nc3 Be6 14. Nd2 Qd7 15. Bb2 Bh3 16.
Bh1 Ne8 17. a4 Nc7 18. Nf1 Rab8 19. Ne3 f5 20. exf5 Nxf5 21. Ncd5 a5 22. Nxc7
Qxc7 23. Nd5 Qf7 24. Qd2 Kh7 25. Re4 h5 26. Bg2 Bxg2 27. Kxg2 Ne7 28. Nxe7 Qxe7
29. f4 Rf5 30. Rae1 Qf7 31. fxe5 Rf8 32. R1e2 dxe5 33. h4 Rf1 34. Kh2 Qf2+ 0-1

[Event "Cote d'Ivoire Rapid 2019"]
[Site "Abidjan CIV"]
[Date "2019.05.10"]
[Round "9"]
[White "Nepomniachtchi, I."]
[Black "Nakamura, Hi"]
[Result "0-1"]
[WhiteElo "2773"]
[BlackElo "2761"]
[PlyCount "80"]
[EventDate "2019.05.08"]

1. c4 e5 2. Nc3 Nf6 3. Nf3 Nc6 4. g3 d5 5. cxd5 Nxd5 6. Bg2 Nb6 7. O-O Be7 8.
a3 O-O 9. d3 Be6 10. b4 a5 11. b5 Nd4 12. Nd2 Qc8 13. e3 Nf5 14. a4 Rd8 15. Qc2
c6 16. bxc6 bxc6 17. Ba3 Qd7 18. Rfb1 Qxd3 19. Qxd3 Rxd3 20. Rxb6 Rxc3 21. Bxe7
Nxe7 22. Rab1 h6 23. Rb8+ Rxb8 24. Rxb8+ Kh7 25. Ra8 Rc1+ 26. Nf1 Rc5 27. Nd2
Nd5 28. Ra7 Rc1+ 29. Nf1 Nc3 30. Rxa5 e4 31. f4 Bc4 32. g4 Bd3 33. Kf2 Rc2+ 34.
Kg3 c5 35. Ra7 c4 36. Rxf7 Ne2+ 37. Kh3 c3 38. Rc7 Ra2 39. f5 c2 40. f6 c1=Q
0-1

[Event "Cote d'Ivoire Rapid 2019"]
[Site "Abidjan CIV"]
[Date "2019.05.10"]
[Round "9"]
[White "So, W."]
[Black "Karjakin, Sergey"]
[Result "1-0"]
[WhiteElo "2754"]
[BlackElo "2752"]
[PlyCount "101"]
[EventDate "2019.05.08"]

1. e4 e5 2. Nf3 Nc6 3. Bb5 Nf6 4. d3 Bc5 5. O-O Nd4 6. Nxd4 Bxd4 7. c3 Bb6 8.
Ba4 c6 9. Na3 d6 10. Bb3 O-O 11. Bg5 h6 12. Bh4 a5 13. Kh1 g5 14. Bg3 Ba7 15.
Nc2 h5 16. Qd2 Nd7 17. h3 Nc5 18. Ne3 Nxb3 19. axb3 Bxe3 20. Qxe3 Be6 21. d4 h4
22. Bh2 f6 23. c4 Rf7 24. Rfd1 Qf8 25. Rd2 c5 26. dxe5 dxe5 27. Rad1 Rc7 28.
Rd6 Qe7 29. Qd3 Kg7 30. f3 a4 31. bxa4 Rxa4 32. b3 Ra6 33. Rxa6 bxa6 34. Qc3
Rd7 35. Ra1 Rd6 36. Qe3 Qc7 37. Bxe5 fxe5 38. Qxg5+ Kf7 39. Qxh4 Qd8 40. Qh5+
Ke7 41. Qg5+ Kf7 42. Qh5+ Ke7 43. Kh2 Rb6 44. Qh4+ Ke8 45. Qh8+ Ke7 46. Qh4+
Ke8 47. Qh5+ Ke7 48. f4 exf4 49. Rd1 Rd6 50. Qxc5 Qb6 51. Qg5+ 1-0

[Event "Cote d'Ivoire Rapid 2019"]
[Site "Abidjan CIV"]
[Date "2019.05.10"]
[Round "9"]
[White "Ding Liren"]
[Black "Topalov, V."]
[Result "1/2-1/2"]
[WhiteElo "2805"]
[BlackElo "2740"]
[PlyCount "88"]
[EventDate "2019.05.08"]

1. c4 c5 2. g3 g6 3. Bg2 Bg7 4. Nc3 Nc6 5. b3 e6 6. Ba3 Qa5 7. Bb2 Nge7 8. h4
h6 9. Qb1 O-O 10. Ne4 f5 11. Bxg7 Kxg7 12. Qb2+ e5 13. Nd6 Qc7 14. Nxc8 Raxc8
15. d3 Rcd8 16. Rc1 b6 17. Nf3 d5 18. cxd5 Nxd5 19. a3 a5 20. e3 Nf6 21. b4
axb4 22. axb4 e4 23. dxe4 fxe4 24. Ng5 Qe7 25. Bxe4 Ne5 26. Nf3 Nxe4 27. Qxe5+
Qxe5 28. Nxe5 Rxf2 29. Rc4 Ra2 30. O-O Nxg3 31. Rf7+ Kg8 32. Rf2 Ra1+ 33. Kg2
Nf5 34. Re4 Re8 35. h5 Ra4 36. Kf3 Rxb4 37. Rxb4 cxb4 38. Nxg6 Nxe3 39. Rb2 Nd5
40. Rd2 Nf6 41. Rd6 Nxh5 42. Rxb6 Kg7 43. Nf4 Nxf4 44. Kxf4 Rf8+ 1/2-1/2

[Event "Capablanca Memorial 2019"]
[Site "Havana CUB"]
[Date "2019.05.10"]
[Round "7"]
[White "Sevian, Samuel"]
[Black "Anton Guijarro, D."]
[Result "1/2-1/2"]
[WhiteElo "2666"]
[BlackElo "2667"]
[PlyCount "74"]
[EventDate "2019.05.03"]

1. e4 e5 2. Nf3 Nc6 3. Bb5 a6 4. Ba4 Nf6 5. O-O Nxe4 6. d4 b5 7. Bb3 d5 8. dxe5
Be6 9. Nbd2 Be7 10. c3 O-O 11. Bc2 f5 12. Nb3 Qd7 13. Nfd4 Nxd4 14. Nxd4 c5 15.
Nxe6 Qxe6 16. f3 Ng5 17. a4 Rad8 18. axb5 axb5 19. Kh1 f4 20. b4 Qxe5 21. Re1
Qf6 22. bxc5 Bxc5 23. Qd3 Kh8 24. Rb1 Bf2 25. Re2 Bg3 26. hxg3 Qh6+ 27. Kg1
fxg3 28. Qxh7+ Nxh7 29. Bxh6 gxh6 30. Bxh7 Kxh7 31. Rxb5 Rb8 32. Reb2 Rxb5 33.
Rxb5 Ra8 34. Kf1 Ra1+ 35. Ke2 Ra2+ 36. Ke3 Rxg2 37. Kf4 Rc2 1/2-1/2

[Event "Capablanca Memorial 2019"]
[Site "Havana CUB"]
[Date "2019.05.10"]
[Round "7"]
[White "Albornoz Cabrera, Carlos Daniel"]
[Black "Adhiban, Baskaran"]
[Result "1/2-1/2"]
[WhiteElo "2566"]
[BlackElo "2701"]
[PlyCount "52"]
[EventDate "2019.05.03"]

1. e4 e6 2. d4 d5 3. Nd2 c5 4. exd5 Qxd5 5. Ngf3 cxd4 6. Bc4 Qd7 7. O-O Nc6 8.
Nb3 a6 9. Nbxd4 Nxd4 10. Nxd4 Qc7 11. Qe2 Bd6 12. Nf3 Ne7 13. Bd3 O-O 14. h3
Ng6 15. Ng5 h6 16. Bxg6 fxg6 17. Nxe6 Qe7 18. Re1 Rf6 19. Nf4 Qf7 20. Qe8+ Qxe8
21. Rxe8+ Kf7 22. Re4 Bf5 23. Re2 Rd8 24. Nd5 Re6 25. Rxe6 Kxe6 26. Nf4+ Bxf4
1/2-1/2

[Event "Capablanca Memorial 2019"]
[Site "Havana CUB"]
[Date "2019.05.11"]
[Round "8"]
[White "Anton Guijarro, D."]
[Black "Gonzalez Vidal, Y."]
[Result "1-0"]
[WhiteElo "2667"]
[BlackElo "2567"]
[PlyCount "61"]
[EventDate "2019.05.03"]

1. Nf3 d5 2. g3 Nf6 3. Bg2 e6 4. O-O c5 5. c4 dxc4 6. Na3 Nc6 7. Nxc4 Be7 8. b3
O-O 9. Bb2 Qc7 10. d4 Rd8 11. Rc1 b5 12. Ncd2 Bb7 13. Qc2 Nd7 14. Ne4 Nb4 15.
Qb1 Bxe4 16. Qxe4 Nxa2 17. Ra1 Nb4 18. dxc5 Nd5 19. b4 a5 20. Nd4 N7f6 21. Nxe6
fxe6 22. Qxe6+ Kf8 23. Bxf6 Nxf6 24. Bxa8 Rxa8 25. Rxa5 Rxa5 26. bxa5 Qxa5 27.
c6 b4 28. Rd1 g6 29. e4 Qa7 30. Rd3 Kg7 31. Rd7 1-0

[Event "Capablanca Memorial 2019"]
[Site "Havana CUB"]
[Date "2019.05.11"]
[Round "8"]
[White "Ivanchuk, V."]
[Black "Albornoz Cabrera, Carlos Daniel"]
[Result "1-0"]
[WhiteElo "2677"]
[BlackElo "2566"]
[PlyCount "79"]
[EventDate "2019.05.03"]

1. e4 c5 2. Nf3 Nc6 3. Nc3 e5 4. Bc4 Be7 5. d3 d6 6. Nd2 Nf6 7. Nf1 Bg4 8. f3
Be6 9. Ne3 O-O 10. O-O Nd7 11. Ned5 Nb6 12. Nxb6 axb6 13. a3 Bg5 14. Bxg5 Qxg5
15. Qc1 Qd8 16. Qd2 Nd4 17. f4 exf4 18. Rxf4 Qg5 19. Raf1 Bxc4 20. dxc4 Rae8
21. Qf2 f6 22. Nd5 b5 23. c3 Ne6 24. Rf3 Qe5 25. Re1 Ng5 26. Rf5 Qe6 27. cxb5
Nxe4 28. Qf4 Rf7 29. b6 g6 30. Rxe4 Qxe4 31. Nxf6+ Rxf6 32. Qxe4 Rxe4 33. Rxf6
Re1+ 34. Kf2 Rd1 35. Ke2 Rd5 36. Rf4 Re5+ 37. Kd3 d5 38. b4 cxb4 39. axb4 Re6
40. Kd4 1-0

[Event "Capablanca Memorial 2019"]
[Site "Havana CUB"]
[Date "2019.05.11"]
[Round "8"]
[White "Adhiban, Baskaran"]
[Black "Sevian, Samuel"]
[Result "1/2-1/2"]
[WhiteElo "2701"]
[BlackElo "2666"]
[PlyCount "102"]
[EventDate "2019.05.03"]

1. Nf3 d5 2. g3 Nf6 3. Bg2 c5 4. O-O Nc6 5. c4 d4 6. e3 e6 7. d3 Bd6 8. exd4
cxd4 9. Na3 O-O 10. Nc2 e5 11. b4 Re8 12. b5 Nb8 13. Bg5 Nbd7 14. Nd2 Nc5 15.
Ne4 Ncxe4 16. Bxe4 h6 17. Bxf6 Qxf6 18. Qh5 Rb8 19. a4 a5 20. Rac1 Qg5 21. Qxg5
hxg5 22. Na1 Bb4 23. c5 Bh3 24. Rc4 Bxf1 25. Kxf1 Rbc8 26. Nb3 Re7 27. b6 g6
28. g4 Kg7 29. Ke2 Kf6 30. c6 bxc6 31. Rxc6+ Rxc6 32. Bxc6 Re6 33. b7 Bd6 34.
Bd5 Re8 35. Nxa5 Ke7 36. Nc6+ Kd7 37. Bxf7 Rh8 38. Bd5 Bb8 39. Be4 Kd6 40. Na5
Kc5 41. Nc4 Rxh2 42. Bxg6 e4 43. Bxe4 Bg3 44. Bg2 Rxg2 45. Kf3 Rg1 46. fxg3 Rb1
47. Na5 Kd5 48. Ke2 Rb2+ 49. Kf3 Rb6 50. Kg2 Rb2+ 51. Kf3 Rb6 1/2-1/2

[Event "Capablanca Memorial 2019"]
[Site "Havana CUB"]
[Date "2019.05.12"]
[Round "9"]
[White "Adhiban, Baskaran"]
[Black "Anton Guijarro, D."]
[Result "0-1"]
[WhiteElo "2701"]
[BlackElo "2667"]
[PlyCount "116"]
[EventDate "2019.05.03"]

1. e4 e5 2. Nf3 Nc6 3. Bb5 a6 4. Ba4 Nf6 5. O-O Nxe4 6. d4 b5 7. Bb3 d5 8. dxe5
Be6 9. c3 Be7 10. Bf4 Nc5 11. Nd4 Nxd4 12. cxd4 Nxb3 13. Qxb3 h5 14. Nd2 c5 15.
Rfc1 c4 16. Qd1 g5 17. Be3 Rc8 18. a3 a5 19. b4 axb4 20. axb4 g4 21. Ra7 Rc7
22. Rca1 O-O 23. Bh6 Re8 24. Qc1 Bf5 25. Rxc7 Qxc7 26. Nb3 Bg6 27. Bd2 Qb8 28.
Na5 Qc8 29. Bc3 Kh7 30. Qe3 Bf8 31. Bd2 f6 32. Re1 Qd7 33. f4 Bh6 34. Qf2 fxe5
35. Rxe5 Rf8 36. Qe1 Rf7 37. Re6 Bf5 38. Rb6 Bg7 39. Bc3 Qe7 40. Nc6 Qxe1+ 41.
Bxe1 Rf6 42. Rxb5 Rxc6 43. Rxd5 Kg6 44. Bc3 Ra6 45. Ra5 Rxa5 46. bxa5 Bc8 47.
Kf2 Kf5 48. Ke3 h4 49. g3 h3 50. Bb4 Bb7 51. Bc5 Bh6 52. Bd6 Ke6 53. Bb4 Kd5
54. Ba3 Ba6 55. Bb4 Bg7 56. Bc3 Bc8 57. Bb2 Bf8 58. Bc3 Ba3 0-1

[Event "Capablanca Memorial 2019"]
[Site "Havana CUB"]
[Date "2019.05.12"]
[Round "9"]
[White "Sevian, Samuel"]
[Black "Ivanchuk, V."]
[Result "1-0"]
[WhiteElo "2666"]
[BlackElo "2677"]
[PlyCount "95"]
[EventDate "2019.05.03"]

1. e4 c5 2. Nf3 e6 3. d4 cxd4 4. Nxd4 Nf6 5. Nc3 Nc6 6. Nxc6 bxc6 7. e5 Nd5 8.
Ne4 Qc7 9. f4 Qa5+ 10. Bd2 Qb6 11. Bd3 Rb8 12. Qe2 Nb4 13. Be3 Nxd3+ 14. Qxd3
Qa5+ 15. Bd2 Qd5 16. b3 Qxd3 17. cxd3 Be7 18. Be3 f5 19. Nd2 Ba6 20. Ke2 Rb7
21. Rac1 Kf7 22. Bc5 Rb5 23. Bxe7 Kxe7 24. h4 Rd5 25. Rc3 Rb8 26. Ke3 c5 27.
Nc4 Bxc4 28. bxc4 Rd4 29. Rb3 Rxb3 30. axb3 d6 31. Ra1 dxe5 32. fxe5 Rd7 33.
Ra6 Rc7 34. Kd2 g6 35. Kc3 h6 36. b4 cxb4+ 37. Kxb4 Rd7 38. Kc3 g5 39. hxg5
hxg5 40. d4 f4 41. c5 Rb7 42. Kc4 Rb2 43. Rxa7+ Kd8 44. c6 Rxg2 45. d5 Rd2 46.
c7+ Kc8 47. d6 Rc2+ 48. Kd3 1-0

[Event "Capablanca Memorial 2019"]
[Site "Havana CUB"]
[Date "2019.05.12"]
[Round "9"]
[White "Albornoz Cabrera, Carlos Daniel"]
[Black "Gonzalez Vidal, Y."]
[Result "1/2-1/2"]
[WhiteElo "2566"]
[BlackElo "2567"]
[PlyCount "79"]
[EventDate "2019.05.03"]

1. e4 e5 2. Nf3 Nc6 3. Bb5 a6 4. Ba4 Nf6 5. O-O Be7 6. Re1 b5 7. Bb3 d6 8. c3
O-O 9. h3 Bb7 10. d4 Re8 11. a3 h6 12. Nbd2 Bf8 13. Bc2 Nb8 14. b3 Nbd7 15. Bb2
g6 16. a4 Bg7 17. Bd3 c6 18. Qc2 Nh5 19. Bf1 Nf4 20. b4 Rc8 21. dxe5 Nxe5 22.
Nxe5 Bxe5 23. Nf3 Bg7 24. c4 Bxb2 25. Qxb2 c5 26. Nd2 bxc4 27. bxc5 c3 28. Qxc3
Rxc5 29. Qe3 Qf6 30. g3 Ne6 31. Rac1 h5 32. h4 Rxc1 33. Rxc1 Nc5 34. Bg2 a5 35.
Nc4 Bxe4 36. Nxd6 Qxd6 37. Rxc5 Bc6 38. Qc3 Qd1+ 39. Kh2 Bxg2 40. Kxg2 1/2-1/2

[Event "Capablanca Memorial 2019"]
[Site "Havana CUB"]
[Date "2019.05.13"]
[Round "10"]
[White "Anton Guijarro, D."]
[Black "Albornoz Cabrera, Carlos Daniel"]
[Result "1/2-1/2"]
[WhiteElo "2667"]
[BlackElo "2566"]
[PlyCount "157"]
[EventDate "2019.05.03"]

1. c4 Nf6 2. Nc3 e6 3. e4 c5 4. e5 Ng8 5. d4 cxd4 6. Qxd4 Nc6 7. Qe4 f6 8. Nf3
fxe5 9. Nxe5 Nf6 10. Qe3 Qa5 11. Nxc6 bxc6 12. Bd3 Bd6 13. h3 Ba6 14. O-O Qe5
15. Qxe5 Bxe5 16. Re1 Bd4 17. Be3 Bxe3 18. Rxe3 Kf7 19. g4 d6 20. Rf3 h6 21.
Ne4 Rad8 22. g5 hxg5 23. Nxg5+ Ke7 24. Re1 e5 25. c5 Bxd3 26. Rxd3 Nd5 27.
cxd6+ Rxd6 28. Rxe5+ Kd7 29. Ra3 Rg6 30. Kh2 Ra8 31. Ne4 a5 32. Rf3 Kc7 33. Nc3
Nxc3 34. Rxc3 Rb8 35. Rc2 Kb6 36. Re3 Rf8 37. Rb3+ Kc7 38. Rg3 Rxg3 39. Kxg3
Kd6 40. Kg4 Ke7 41. f4 Rb8 42. Kg5 Kf7 43. Kf5 Rb4 44. Ke5 Ke7 45. a3 Rb5+ 46.
Kd4 Rd5+ 47. Ke4 Rb5 48. h4 Kf7 49. Kf3 Rb3+ 50. Kg4 Rb6 51. Rd2 Kf6 52. h5 a4
53. Rc2 Kf7 54. Kg5 Rb5+ 55. Kh4 Rb6 56. Kg4 Ke7 57. Kf5 Kf7 58. Ke5 Ke7 59.
Kd4 Rb5 60. Rxc6 Rxb2 61. Ra6 Rb5 62. Rxa4 Rxh5 63. Ra7+ Kf6 64. Ra6+ Kf7 65.
a4 Rf5 66. Ke4 Rc5 67. a5 Rb5 68. Ra7+ Kf6 69. Ra8 Kf7 70. a6 Ra5 71. f5 Kf6
72. a7 Kf7 73. f6 Ra1 74. Kd5 Rd1+ 75. Kc4 Rc1+ 76. Kb3 Ra1 77. Kb2 Ra6 78. Kb3
Ra1 79. Kb2 1/2-1/2

[Event "Capablanca Memorial 2019"]
[Site "Havana CUB"]
[Date "2019.05.13"]
[Round "10"]
[White "Gonzalez Vidal, Y."]
[Black "Sevian, Samuel"]
[Result "0-1"]
[WhiteElo "2567"]
[BlackElo "2666"]
[PlyCount "84"]
[EventDate "2019.05.03"]

1. e4 e5 2. Nf3 Nc6 3. Nc3 Nf6 4. d4 exd4 5. Nxd4 Bb4 6. Nxc6 bxc6 7. Bd3 O-O
8. O-O Re8 9. Bg5 h6 10. Bh4 g5 11. Bg3 Bxc3 12. bxc3 Nxe4 13. Qh5 d6 14. Qxh6
Bf5 15. f4 Re6 16. Qh5 Qf6 17. Rae1 Bg6 18. Qf3 Qf5 19. fxg5 Qxf3 20. gxf3 Nxg5
21. f4 Rxe1 22. Bxe1 Bxd3 23. cxd3 Ne6 24. f5 Nc5 25. Rf3 Rb8 26. Bh4 Rb1+ 27.
Kf2 Rb2+ 28. Kg1 Rd2 29. Be7 Rxd3 30. Rf4 Rh3 31. Kg2 Rh5 32. Bd8 d5 33. Bxc7
Ne4 34. c4 Rg5+ 35. Kh3 f6 36. cxd5 cxd5 37. Bb8 Rg7 38. Rf1 d4 39. Rc1 d3 40.
Rc8+ Kh7 41. Rd8 d2 42. Kh4 Rg1 0-1

[Event "Capablanca Memorial 2019"]
[Site "Havana CUB"]
[Date "2019.05.13"]
[Round "10"]
[White "Ivanchuk, V."]
[Black "Adhiban, Baskaran"]
[Result "1-0"]
[WhiteElo "2677"]
[BlackElo "2701"]
[PlyCount "73"]
[EventDate "2019.05.03"]

1. d4 d6 2. e4 g6 3. c4 Bg7 4. Nc3 c5 5. Nge2 Nc6 6. d5 Na5 7. Rb1 Nf6 8. Ng3
O-O 9. Be2 e6 10. O-O exd5 11. cxd5 a6 12. b4 Nd7 13. Qd2 cxb4 14. Nd1 h5 15.
Bxh5 Nc4 16. Qxb4 b5 17. Be2 Nc5 18. Bxc4 bxc4 19. Bb2 Nd3 20. Qa3 Nxb2 21.
Nxb2 c3 22. Nc4 Qc7 23. Na5 Rb8 24. Rxb8 Qxb8 25. Nc6 Qb5 26. Qxd6 c2 27. Qc7
Bf6 28. Na7 Qb7 29. Qxb7 Bxb7 30. Rc1 Bg5 31. Rxc2 f5 32. Rc7 Ba8 33. Nc6 Bf4
34. Ra7 Bxc6 35. dxc6 Re8 36. Rxa6 fxe4 37. Ra4 1-0

[Event "Cote d'Ivoire Blitz 2019"]
[Site "Abidjan CIV"]
[Date "2019.05.11"]
[Round "1"]
[White "Amin, Bassem"]
[Black "Carlsen, Magnus"]
[Result "1/2-1/2"]
[WhiteElo "2704"]
[BlackElo "2861"]
[PlyCount "112"]
[EventDate "2019.05.11"]

1. e4 c5 2. Nf3 Nc6 3. Bb5 g6 4. Bxc6 dxc6 5. d3 Bg7 6. h3 e5 7. a4 a5 8. Be3
b6 9. Na3 Qc7 10. O-O Ne7 11. Nc4 Be6 12. Ng5 Bxc4 13. dxc4 h6 14. Nf3 Nc8 15.
Nd2 O-O 16. Qe2 Nd6 17. Rad1 Rae8 18. b3 f5 19. f3 Kh7 20. Bf2 Nf7 21. Bh4 Nd8
22. Bxd8 Rxd8 23. Rfe1 f4 24. Nb1 Bf6 25. Rxd8 Rxd8 26. Rd1 Bh4 27. Rxd8 Qxd8
28. Qd3 Qxd3 29. cxd3 Be1 30. Na3 Kg7 31. Nc2 Bc3 32. Kh2 Kf6 33. h4 h5 34. Kh3
Ke6 35. Kh2 Kd6 36. Kh3 Bd2 37. Kh2 Kc7 38. Kh3 Kb7 39. Kh2 Bc1 40. Kg1 Bb2 41.
Kf2 Kc7 42. Kf1 b5 43. Kf2 Kd6 44. Ne1 Bd4+ 45. Kf1 b4 46. Nc2 Bc3 47. Kg1 Ke6
48. Kh2 Kf6 49. Kh3 g5 50. Kh2 gxh4 51. Kh3 Kg6 52. Kh2 h3 53. gxh3 Kg5 54. Kg2
Kh4 55. Kh2 Kg5 56. Kg2 h4 1/2-1/2

[Event "Cote d'Ivoire Blitz 2019"]
[Site "Abidjan CIV"]
[Date "2019.05.11"]
[Round "1"]
[White "Nakamura, Hikaru"]
[Black "Wei, Yi"]
[Result "1/2-1/2"]
[WhiteElo "2761"]
[BlackElo "2736"]
[PlyCount "110"]
[EventDate "2019.05.11"]

1. e4 e5 2. Nf3 Nf6 3. Nxe5 d6 4. Nf3 Nxe4 5. d4 d5 6. Bd3 Bf5 7. O-O Be7 8.
Re1 O-O 9. c4 Nc6 10. cxd5 Qxd5 11. Nc3 Nxc3 12. bxc3 Bxd3 13. Qxd3 Rae8 14.
Bf4 Bd6 15. c4 Qh5 16. Bxd6 cxd6 17. Qa3 Qa5 18. Qxd6 Rxe1+ 19. Rxe1 Rd8 20.
Re2 Qa4 21. Qc7 Rf8 22. Rd2 Qxc4 23. h3 b5 24. d5 Nd4 25. d6 Qxc7 26. dxc7 Ne6
27. Nd4 Nxc7 28. Rc2 Nd5 29. Rc5 Nb4 30. a3 Nd3 31. Rxb5 g6 32. Ra5 Re8 33. f3
Re7 34. Nc6 Rc7 35. Nxa7 Rc1+ 36. Kh2 Rc2 37. Rg5 h6 38. Rg4 h5 39. Re4 f5 40.
Re6 Nf4 41. Rb6 Rxg2+ 42. Kh1 Rg3 43. a4 Rxf3 44. Nb5 h4 45. a5 Rf1+ 46. Kh2
Rf2+ 47. Kh1 Rf1+ 48. Kh2 Rf2+ 49. Kg1 Nxh3+ 50. Kh1 g5 51. a6 g4 52. a7 Rf1+
53. Kh2 Rf2+ 54. Kh1 Rf1+ 55. Kh2 Rf2+ 1/2-1/2

[Event "Cote d'Ivoire Blitz 2019"]
[Site "Abidjan CIV"]
[Date "2019.05.11"]
[Round "1"]
[White "Vachier-Lagrave, Maxime"]
[Black "So, Wesley"]
[Result "1-0"]
[WhiteElo "2780"]
[BlackElo "2754"]
[PlyCount "113"]
[EventDate "2019.05.11"]

1. Nf3 d5 2. g3 c5 3. Bg2 Nc6 4. d4 e6 5. O-O Nf6 6. c4 dxc4 7. dxc5 Qxd1 8.
Rxd1 Bxc5 9. Nbd2 c3 10. bxc3 O-O 11. Nb3 Be7 12. Nfd4 Nxd4 13. cxd4 Nd5 14.
Bd2 f5 15. Rac1 b6 16. Bxd5 exd5 17. Rc7 Bd8 18. Rc2 Ba6 19. Bf4 Be7 20. Rdc1
Ba3 21. Rb1 Rac8 22. Na1 Rfe8 23. Be5 Kf7 24. Kf1 g5 25. Rb3 Be7 26. Rbc3 Rxc3
27. Rxc3 Rc8 28. Rxc8 Bxc8 29. Bb8 Bd8 30. Nc2 a5 31. Ke1 Ba6 32. Kd2 Bc4 33.
a3 Ke6 34. Ne3 Bb5 35. Nd1 Be7 36. Nc3 Bc6 37. a4 Kd7 38. Kc2 Bb4 39. Nb5 Be1
40. f3 g4 41. fxg4 fxg4 42. Bf4 Bf2 43. Kd3 Bg1 44. Nc3 Bxh2 45. e3 h5 46. Ke2
h4 47. gxh4 Bxf4 48. exf4 Ke6 49. Kf2 Kf5 50. Kg3 Be8 51. h5 Bxh5 52. Nxd5 Be8
53. Nxb6 Bf7 54. d5 Bg6 55. Nc4 Bh5 56. Nxa5 Bf7 57. Nc4 1-0

[Event "Cote d'Ivoire Blitz 2019"]
[Site "Abidjan CIV"]
[Date "2019.05.11"]
[Round "1"]
[White "Ding, Liren"]
[Black "Nepomniachtchi, Ian"]
[Result "0-1"]
[WhiteElo "2805"]
[BlackElo "2773"]
[PlyCount "83"]
[EventDate "2019.05.11"]

1. c4 e5 2. g3 Nc6 3. Bg2 h5 4. h3 Bc5 5. Nc3 d6 6. e3 Be6 7. b3 Nge7 8. Nge2
d5 9. d4 exd4 10. exd4 Bb4 11. O-O Bxc3 12. Nxc3 Qd7 13. cxd5 Nxd5 14. Nxd5
Bxd5 15. Re1+ Kf8 16. Be3 Rd8 17. Rc1 Bxg2 18. Kxg2 Ne7 19. d5 Nxd5 20. Qf3 c6
21. b4 a6 22. a4 f6 23. b5 axb5 24. axb5 Kf7 25. bxc6 bxc6 26. Rc4 Rde8 27. Bd2
Rxe1 28. Bxe1 g6 29. Bc3 Re8 30. Bd4 Qe6 31. Ra4 Re7 32. Ra6 Qe4 33. Bc5 Qxf3+
34. Kxf3 Rc7 35. g4 h4 36. Ke4 Ke6 37. f4 f5+ 38. Kf3 Nf6 39. Bf2 fxg4+ 40.
hxg4 h3 41. Ra1 Rb7 42. Bd4 0-1

[Event "Cote d'Ivoire Blitz 2019"]
[Site "Abidjan CIV"]
[Date "2019.05.11"]
[Round "2"]
[White "Carlsen, Magnus"]
[Black "Vachier-Lagrave, Maxime"]
[Result "0-1"]
[WhiteElo "2861"]
[BlackElo "2780"]
[PlyCount "88"]
[EventDate "2019.05.11"]

1. e4 c5 2. Nf3 d6 3. d4 cxd4 4. Nxd4 Nf6 5. Nc3 a6 6. Be3 e5 7. Nf3 Be7 8. Bc4
O-O 9. O-O Be6 10. Bb3 b5 11. Bg5 Nbd7 12. Re1 Rc8 13. a3 h6 14. Bxf6 Nxf6 15.
Nd2 Bg4 16. f3 Qb6+ 17. Kh1 Be6 18. Nf1 Rc5 19. Ne3 Rfc8 20. Re2 Rxc3 21. bxc3
Rxc3 22. Qe1 Qc6 23. a4 b4 24. Nd1 Bxb3 25. Nxc3 Bc4 26. Nd1 Bxe2 27. Qxe2 d5
28. exd5 Nxd5 29. Qe4 Qe6 30. Ne3 Nc3 31. Qc4 Qg6 32. a5 Kh7 33. Re1 e4 34.
fxe4 Nxe4 35. Nd5 Nf2+ 36. Kg1 Nh3+ 37. Kf1 Qf5+ 38. Ke2 Qe5+ 39. Ne3 Nf4+ 40.
Kf1 Ne6 41. Qxa6 Qxh2 42. Qd3+ Kg8 43. a6 Bh4 44. Qd2 Nf4 0-1